书目信息 |
| 题名: |
艺术的心理世界
|
|
| 作者: | 阿恩海姆 著 ;周宪 译 | |
| 分册: | ||
| 出版信息: | 北京 中国人民大学出版社 2010 |
|
| 页数: | 276页 | |
| 开本: | 23cm | |
| 丛书名: | 朗朗书房 | |
| 单 册: | ||
| 中图分类: | J0-05 | |
| 科图分类: | ||
| 主题词: | 艺术心理学--研究 , 艺术心理学 | |
| 电子资源: | ||
| ISBN: | 978-7-300-05012-6 | |
| 000 | 01050oam2 2200289 45 | |
| 001 | 1029500390 | |
| 005 | 20100428092912.65 | |
| 010 | @a978-7-300-05012-6@dCNY19.80 | |
| 100 | @a20100426d2010 em y0chiy0110 ea | |
| 101 | 0 | @achi |
| 102 | @aCN@b110000 | |
| 105 | @ay z 000yy | |
| 106 | @ar | |
| 200 | 1 | @a艺术的心理世界@AYi Shu De Xin Li Shi Jie@f(美) 阿恩海姆等著@F( Mei ) A En Hai Mu Deng Zhu@g周宪译 |
| 210 | @a北京@c中国人民大学出版社@d2010 | |
| 215 | @a276页@c图@d23cm | |
| 225 | 2 | @a朗朗书房@i20世纪西方学术思想译丛 |
| 330 | @a本书为西方艺术心理学译文精粹,内容涉及艺术心理学概观、读者反映理论、科学美学、创造心理学等方面,反映了艺术心理学领域的当代进展和研究热点。 | |
| 462 | 0 | @12001 @a朗朗书房@i20世纪西方学术思想译丛 |
| 510 | 1 | @aThe Psychological World of Art@zeng |
| 606 | 0 | @a艺术心理学@x研究 |
| 606 | 0 | @a艺术心理学 |
| 690 | @aJ0-05@v4 | |
| 701 | 1 | @a阿恩海姆@AA En Hai Mu@g(Arnheim, Rudolf 1904~2007)@4著 |
| 702 | 0 | @a周宪@AZhou Xian@4译 |
| 801 | 0 | @aCN@bTANGWEI@c20100428 |
| 905 | @b0596398-402@dJ0-05@e239@f5 | |
| 艺术的心理世界/(美) 阿恩海姆等著/周宪译.-北京:中国人民大学出版社,2010 |
| 276页:图;23cm.-(朗朗书房.20世纪西方学术思想译丛) |
| ISBN 978-7-300-05012-6:CNY19.80 |
| 本书为西方艺术心理学译文精粹,内容涉及艺术心理学概观、读者反映理论、科学美学、创造心理学等方面,反映了艺术心理学领域的当代进展和研究热点。 |
| ● |
| 相关链接 |
|
|
|
|
正题名:艺术的心理世界
索取号:J0-05/239
 
预约/预借
| 序号 | 登录号 | 条形码 | 馆藏地/架位号 | 状态 | 备注 |
| 1 | 0596398 | 205963983 | 第一样本阅览室/ [索取号:J0-05/239] | 在馆 | |
| 2 | 0596399 | 205963992 | 第一借阅区/ [索取号:J0-05/239] | 在馆 | |
| 3 | 0596400 | 205964009 | 第一借阅区/ [索取号:J0-05/239] | 在馆 | |
| 4 | 0596401 | 205964018 | 第一借阅区/ [索取号:J0-05/239] | 在馆 | |
| 5 | 0596402 | 205964027 | 第一借阅区/ [索取号:J0-05/239] | 在馆 |